Statistiques concernant Nommez ces personnes célèbres - Quiz d'images #13

Cliquez ici pour prendre le quiz!

Statistiques générales

  • Ce quiz a été pris 211 fois
  • Le résultat moyen est 6 sur 15

Statistiques - réponses

Réponse% Correct
Rafael Nadal
90%
Usain Bolt
90%
Charlotte Gainsbourg
73%
Bono
68%
Conchita Wurst
49%
Mila Kunis
44%
Kate Blanchett
43%
Rouhollah Khomeini
35%
Nicolae Ceaușescu
24%
Kate Bush
17%
Ravi Shankar
13%
Iman
10%
Joni Mitchell
6%
Ellen Sirleaf Johnson
3%
Malin Åkerman
3%

Distribution des résultats

Percentile par nombre de réponses

% des personnes avec chaque résultat

Votre développement - résultats

Vous n’avez pas pris ce quiz